<?xml version="1.0" encoding="UTF-8"?>
<record
    xmlns:xsi="http://www.w3.org/2001/XMLSchema-instance"
    xsi:schemaLocation="http://www.loc.gov/MARC21/slim http://www.loc.gov/standards/marcxml/schema/MARC21slim.xsd"
    xmlns="http://www.loc.gov/MARC21/slim">

  <leader>02348nam0a2200433   4500</leader>
  <controlfield tag="001">RU\NLR\bibl\1493506</controlfield>
  <controlfield tag="005">20250616013549.0</controlfield>
  <datafield tag="010" ind1=" " ind2=" ">
    <subfield code="a">5-94121-042-8</subfield>
    <subfield code="9">3000</subfield>
  </datafield>
  <datafield tag="021" ind1=" " ind2=" ">
    <subfield code="a">RU</subfield>
    <subfield code="b">2010-10045</subfield>
    <subfield code="9">662</subfield>
  </datafield>
  <datafield tag="035" ind1=" " ind2=" ">
    <subfield code="a">(nilc)RSL-KNO-004581444</subfield>
  </datafield>
  <datafield tag="035" ind1=" " ind2=" ">
    <subfield code="a">(NLR Aleph) 001485043</subfield>
  </datafield>
  <datafield tag="090" ind1=" " ind2=" ">
    <subfield code="a">1727719</subfield>
    <subfield code="c">1727719</subfield>
  </datafield>
  <datafield tag="100" ind1=" " ind2=" ">
    <subfield code="a">20100212d2010    |||y0rusy50      ca</subfield>
  </datafield>
  <datafield tag="101" ind1="1" ind2=" ">
    <subfield code="a">rus</subfield>
    <subfield code="c">ger</subfield>
  </datafield>
  <datafield tag="102" ind1=" " ind2=" ">
    <subfield code="a">RU</subfield>
  </datafield>
  <datafield tag="105" ind1=" " ind2=" ">
    <subfield code="a">a   |||||||||</subfield>
  </datafield>
  <datafield tag="200" ind1="1" ind2=" ">
    <subfield code="a">&#x41F;&#x438;&#x442;&#x430;&#x43D;&#x438;&#x435; &#x43F;&#x43E; &#x441;&#x438;&#x441;&#x442;&#x435;&#x43C;&#x435; &#x43F;&#x44F;&#x442;&#x438; &#x44D;&#x43B;&#x435;&#x43C;&#x435;&#x43D;&#x442;&#x43E;&#x432; &#x434;&#x43B;&#x44F; &#x43C;&#x430;&#x442;&#x435;&#x440;&#x438; &#x438; &#x440;&#x435;&#x431;&#x435;&#x43D;&#x43A;&#x430;</subfield>
    <subfield code="e">&#x43F;&#x43E;&#x434;&#x440;&#x43E;&#x431;&#x43D;&#x44B;&#x435; &#x440;&#x435;&#x43A;&#x43E;&#x43C;&#x435;&#x43D;&#x434;&#x430;&#x446;&#x438;&#x438; &#x43F;&#x43E; &#x43F;&#x438;&#x442;&#x430;&#x43D;&#x438;&#x44E; &#x434;&#x435;&#x442;&#x435;&#x439;, &#x431;&#x443;&#x434;&#x443;&#x449;&#x438;&#x445; &#x43C;&#x430;&#x442;&#x435;&#x440;&#x435;&#x439; &#x438; &#x440;&#x43E;&#x434;&#x438;&#x442;&#x435;&#x43B;&#x435;&#x439;, &#x441;&#x43E;&#x433;&#x43B;&#x430;&#x441;&#x43D;&#x43E; &#x442;&#x440;&#x430;&#x434;&#x438;&#x446;&#x438;&#x43E;&#x43D;&#x43D;&#x43E;&#x439; &#x43A;&#x438;&#x442;&#x430;&#x439;&#x441;&#x43A;&#x43E;&#x439; &#x43C;&#x435;&#x434;&#x438;&#x446;&#x438;&#x43D;&#x435;</subfield>
    <subfield code="e">[&#x43F;&#x440;&#x438;&#x43D;&#x446;&#x438;&#x43F;&#x44B; &#x437;&#x434;&#x43E;&#x440;&#x43E;&#x432;&#x43E;&#x433;&#x43E; &#x43F;&#x438;&#x442;&#x430;&#x43D;&#x438;&#x44F; &#x432; &#x43A;&#x438;&#x442;&#x430;&#x439;&#x441;&#x43A;&#x43E;&#x439; &#x43C;&#x435;&#x434;&#x438;&#x446;&#x438;&#x43D;&#x435;]</subfield>
    <subfield code="f">&#x411;&#x430;&#x440;&#x431;&#x430;&#x440;&#x430; &#x422;&#x435;&#x43C;&#x435;&#x43B;&#x438;, &#x411;&#x435;&#x430;&#x442;&#x440;&#x438;&#x441; &#x422;&#x440;&#x435;&#x431;&#x443;&#x442;</subfield>
    <subfield code="g">[&#x43F;&#x435;&#x440;. &#x441; &#x43D;&#x435;&#x43C;.: &#x41C;. &#x416;&#x435;&#x43B;&#x435;&#x437;&#x43D;&#x43E;&#x432;&#x430;]</subfield>
  </datafield>
  <datafield tag="210" ind1=" " ind2=" ">
    <subfield code="a">&#x421;&#x430;&#x43D;&#x43A;&#x442;-&#x41F;&#x435;&#x442;&#x435;&#x440;&#x431;&#x443;&#x440;&#x433;</subfield>
    <subfield code="c">&#x423;&#x434;&#x434;&#x438;&#x44F;&#x43D;&#x430;</subfield>
    <subfield code="d">2010</subfield>
  </datafield>
  <datafield tag="215" ind1=" " ind2=" ">
    <subfield code="a">252, [1] &#x441;.</subfield>
    <subfield code="c">&#x438;&#x43B;.</subfield>
    <subfield code="d">20</subfield>
  </datafield>
  <datafield tag="225" ind1="1" ind2=" ">
    <subfield code="a">&#x422;&#x44B;&#x441;&#x44F;&#x447;&#x435;&#x43B;&#x435;&#x442;&#x43D;&#x438;&#x439; &#x43E;&#x43F;&#x44B;&#x442; &#x43A;&#x438;&#x442;&#x430;&#x439;&#x441;&#x43A;&#x43E;&#x439; &#x43C;&#x435;&#x434;&#x438;&#x446;&#x438;&#x43D;&#x44B;</subfield>
  </datafield>
  <datafield tag="300" ind1=" " ind2=" ">
    <subfield code="a">&#x417;&#x430;&#x433;&#x43B;. &#x438; &#x430;&#x432;&#x442;. &#x43E;&#x440;&#x438;&#x433;.: Die f&#xFC;nf elemente Ern&#xE4;hrung f&#xFC;r Mutter und Kind / Barbara Temelie, Beatrice Trebuth</subfield>
  </datafield>
  <datafield tag="320" ind1=" " ind2=" ">
    <subfield code="a">&#x414;&#x440;. &#x43A;&#x43D;. &#x430;&#x432;&#x442;. &#x43D;&#x430; 4-&#x439; &#x441;. &#x43E;&#x431;&#x43B;.</subfield>
  </datafield>
  <datafield tag="454" ind1=" " ind2="0">
    <subfield code="1">2001#$aDie f&#xFC;nf elemente Ern&#xE4;hrung f&#xFC;r Mutter und Kind$fBarbara Temelie, Beatrice Trebuth</subfield>
    <subfield code="1">700#1$aTemelie$bB.$gBarbara$4070</subfield>
    <subfield code="1">701#1$aTrebuth$bB.$gBeatrice$4070</subfield>
    <subfield code="t">Die f&#xFC;nf elemente Ern&#xE4;hrung f&#xFC;r Mutter und Kind</subfield>
    <subfield code="a">Temelie, Barbara</subfield>
  </datafield>
  <datafield tag="606" ind1="1" ind2=" ">
    <subfield code="a">&#x41A;&#x438;&#x442;&#x430;&#x439;&#x441;&#x43A;&#x430;&#x44F; &#x434;&#x438;&#x435;&#x442;&#x430;</subfield>
    <subfield code="9">2430172</subfield>
    <subfield code="3">RU\NLR\auth\661446536</subfield>
  </datafield>
  <datafield tag="606" ind1="1" ind2=" ">
    <subfield code="a">&#x411;&#x435;&#x440;&#x435;&#x43C;&#x435;&#x43D;&#x43D;&#x44B;&#x435;</subfield>
    <subfield code="x">&#x41F;&#x438;&#x442;&#x430;&#x43D;&#x438;&#x435;</subfield>
    <subfield code="x">&#x420;&#x43E;&#x43B;&#x44C; &#x43A;&#x438;&#x442;&#x430;&#x439;&#x441;&#x43A;&#x43E;&#x439; &#x434;&#x438;&#x435;&#x442;&#x44B;</subfield>
    <subfield code="9">2615727</subfield>
    <subfield code="3">RU\NLR\auth\661552286</subfield>
  </datafield>
  <datafield tag="606" ind1="1" ind2=" ">
    <subfield code="a">&#x414;&#x435;&#x442;&#x438;</subfield>
    <subfield code="x">&#x41F;&#x438;&#x442;&#x430;&#x43D;&#x438;&#x435;</subfield>
    <subfield code="x">&#x420;&#x43E;&#x43B;&#x44C; &#x43A;&#x438;&#x442;&#x430;&#x439;&#x441;&#x43A;&#x43E;&#x439; &#x434;&#x438;&#x435;&#x442;&#x44B;</subfield>
    <subfield code="9">2615729</subfield>
    <subfield code="3">RU\NLR\auth\661552288</subfield>
  </datafield>
  <datafield tag="610" ind1="0" ind2=" ">
    <subfield code="a">&#x43F;&#x438;&#x442;&#x430;&#x43D;&#x438;&#x435; &#x434;&#x43B;&#x44F; &#x43C;&#x430;&#x442;&#x435;&#x440;&#x438; &#x438; &#x440;&#x435;&#x431;&#x435;&#x43D;&#x43A;&#x430;</subfield>
  </datafield>
  <datafield tag="686" ind1=" " ind2=" ">
    <subfield code="a">&#x420;359.11,0</subfield>
    <subfield code="2">rubbk</subfield>
  </datafield>
  <datafield tag="686" ind1=" " ind2=" ">
    <subfield code="a">&#x420;123.03</subfield>
  </datafield>
  <datafield tag="686" ind1=" " ind2=" ">
    <subfield code="a">&#x420;128.37</subfield>
  </datafield>
  <datafield tag="686" ind1=" " ind2=" ">
    <subfield code="a">&#x420;716.116.3</subfield>
  </datafield>
  <datafield tag="700" ind1=" " ind2="1">
    <subfield code="a">&#x422;&#x435;&#x43C;&#x435;&#x43B;&#x438;</subfield>
    <subfield code="b">&#x411;.</subfield>
    <subfield code="g">&#x411;&#x430;&#x440;&#x431;&#x430;&#x440;&#x430;</subfield>
    <subfield code="4">070</subfield>
  </datafield>
  <datafield tag="701" ind1=" " ind2="1">
    <subfield code="a">&#x422;&#x440;&#x435;&#x431;&#x443;&#x442;</subfield>
    <subfield code="b">&#x411;.</subfield>
    <subfield code="g">&#x411;&#x435;&#x430;&#x442;&#x440;&#x438;&#x441;</subfield>
    <subfield code="4">070</subfield>
  </datafield>
  <datafield tag="801" ind1=" " ind2="0">
    <subfield code="a">RU</subfield>
    <subfield code="b">&#x420;&#x413;&#x411;</subfield>
    <subfield code="c">20100212</subfield>
    <subfield code="g">rcr</subfield>
  </datafield>
  <datafield tag="801" ind1=" " ind2="1">
    <subfield code="a">RU</subfield>
    <subfield code="b">&#x420;&#x413;&#x411;</subfield>
    <subfield code="c">20100212</subfield>
  </datafield>
  <datafield tag="801" ind1=" " ind2="2">
    <subfield code="a">RU</subfield>
    <subfield code="b">NLR</subfield>
    <subfield code="c">20100402</subfield>
    <subfield code="g">rcr</subfield>
  </datafield>
  <datafield tag="942" ind1=" " ind2=" ">
    <subfield code="c">BOOK</subfield>
  </datafield>
  <datafield tag="980" ind1=" " ind2=" ">
    <subfield code="a">NB</subfield>
  </datafield>
  <datafield tag="995" ind1=" " ind2=" ">
    <subfield code="5">2010-04-02</subfield>
    <subfield code="a">ad</subfield>
    <subfield code="b">NLR01</subfield>
    <subfield code="c">NLR01</subfield>
    <subfield code="e">RF8</subfield>
    <subfield code="f">3139589</subfield>
    <subfield code="k">2010-3/10608</subfield>
    <subfield code="o">0</subfield>
    <subfield code="r">BOOK</subfield>
    <subfield code="s">2010310608_</subfield>
  </datafield>
  <datafield tag="995" ind1=" " ind2=" ">
    <subfield code="5">2010-04-02</subfield>
    <subfield code="a">ad</subfield>
    <subfield code="b">NLR01</subfield>
    <subfield code="c">NLR01</subfield>
    <subfield code="e">RF8</subfield>
    <subfield code="f">3139590</subfield>
    <subfield code="k">2010-3/10608</subfield>
    <subfield code="o">0</subfield>
    <subfield code="r">BOOK</subfield>
    <subfield code="s">2010310608_</subfield>
  </datafield>
</record>
